000 00524nam a2200181Ia 4500
005 20250326142204.0
008 250326s9999 xx 000 0 und d
037 _aTextbook
040 _aFMSL
_beng
_cFMSL
041 _aeng
_2eng
084 _aX:512 M9
_qFMSL
100 _aManendra Mohan
_9518331
245 0 _aAdvertising management: Concepts and cases
_cManendra Mohan
260 _aNew Delhi
_bNew Delhi, Tata McGraw Hill
_c1989
300 _a418p
942 _cTB
_hX:512 M9
999 _c1293854
_d1293854